000 01080cam a2200301 i 4500
999 _c565
_d565
001 565
003 Mx-PuUPA
005 20240410103428.0
008 140415s1967 mx a gr 001 0 spa d
040 _aMX-PuUPA
_bspa
_erda
_cMx-PuUPA
_dMx-PuUPA
041 1 _aspa
_heng
100 1 0 _aBrewbaker, James L.,
_eautor
_96994
240 1 0 _aAgricultural genetics.
_lEspañol
245 1 0 _aGenética agrícola /
_cJames L. Brewbaker ; traducción Humberto Sauza.
250 _aPrimera edición
264 1 _aMéxico, D.F. :
_bUnión Tipográfica Editorial Hispano-Americana,
_c1967
300 _a261 páginas :
_bilustraciones ;
_c18 cm.
336 _atexto
_2rdacontent
_btxt
337 _asin medio
_2rdamedia
_bn
338 _avolumen
_2rdacarrier
_bnc
490 0 _aManuales UTEHA ; Sección 4 Ciencias Naturales ;
_v303
650 4 _aMutación (Biología)
650 4 _aVariación (Biología)
700 1 _aSauza, Humberto,
_etraductor
765 0 8 _aBrewbaker, James L.,
_tAgricultural genetics.
942 _2ddc
_cLI
_h574.166
_iB828